Statistics for British royal family

Click here to take the quiz!

General Stats

  • This quiz has been taken 384 times
  • The average score is 5 of 15

Answer Stats

HintAnswer% Correct
What is the name of Queen Elizabeth's scottish residence?Balmoral
80%
Which royal princess did Anthony Snowden marry?Princess Margaret
58%
Who was the first wife of King Henry VIIICatherine of Aragon
56%
Who is 4th in line to the British throne?Prince Harry
51%
What is the full name of Queen Elizabeth II?Elizabeth Alexandra Mary
44%
What is the name of the flag that flies when the Queen is in residence?Royal standard
35%
Prince Andrew served in which armed service?Navy
28%
King Edward VII's wife was from which country?Denmark
25%
Wallis Warfield Simpson was married to which royal family member?King Edward VII
25%
Which member of the royal family was killed by the IRA?Lord Louis Mountbatten
19%
What was the name of King George V's only daughter?Princess Mary
12%
What university degree does Prince William hold?Geography
11%
What was Princess Diana's occupation before marrying Prince Charles?Kindergarten teacher
10%
Who helped King George VI overcome his stutter?Lionel Logue
9%
Which royals have competed in the Olympic GamesPrincess Anne and Zara Phillips
9%

Score Distribution

Percentile by Number Answered

Percent of People with Each Score

Your Score History

You have not taken this quiz